000 01462nam a2200193Ia 4500
008 220216s9999 xx 000 0 und d
100 _aKatbab AA
245 0 _aNanocomposite Thermoplastic Olefins based on PP/EPDM/Nanodiamond with superior Thermal and Tribological properties
260 _bRubber India
_c2013
300 _a44-50
520 _aDiamondoids are organic compounds (hydrocarbons) with ynique stuctures and properties due to the exceptional atomic arrengements. They melt as much higher temperatures than other hydrocarbon molecules with the same number of carbon atomss in their structure, contain dense, three diamensional network of covalent bondsand are materials with superior strenghth-to- weigh ratio. They possess low strain energy, hence are ultra stable and stiff materials. This family of cage-like compounds has been of great interest in recent years as good candidate for to be incorporated into polymer matrixes for the purpose of properties modification. On the other hand, termoplastic elastomer (TPO) blends based on polypropylene (PP) and EPDM rubber, have been used in a wide range of application such as automotive industry, where enhanced mechanical properties, thermal stebility, scratch and wear resistance are essential.
650 _aantiplasticization
650 _ahermal resistivity
650 _aNanodiomond
650 _aNanoindentation
650 _aThermoplastic olefin
700 _aHejazi F
942 _cJS
999 _c63396
_d63396